000 01371nam a22004930a 4500
001 PT23595
003 AR-LpoUNG
005 20210131233150.0
008 191001s2006||||ag |||||||||||||||||spa d
020 _a9870506550
_c$2.8
040 _aAR-LpoUNG
_bspa
_cAR-LpoUNG
_eaacr
041 _aspa
044 _aag
082 0 _a982.065 446fot
100 1 _aUlanovsky, Inés
245 1 0 _aFotos tuyas
250 _a1ra ed.
260 _aBuenos Aires :
_bSecretaría de Cultura,
_c2006.
300 _a[100] p. :
_bfot.
520 _a<p>Texto formado por fotos de desaparecidos. Algunas fotos provienen de documentos de identidad y otras formaron parte de álbunes familiares.</p>
650 4 _aANALISIS HISTORICO
650 4 _aARGENTINA
650 4 _aASPECTOS POLITICOS
650 4 _aAUTORITARISMO
650 4 _aCONCIENTIZACION
650 4 _aDEMOCRACIA
650 4 _aDICTADURA
650 4 _aFOTOGRAFIA
650 4 _aFOTOS
650 4 _aFUERZAS ARMADAS
650 4 _aGOBIERNO MILITAR
650 4 _aVIOLENCIA
651 4 _aArgentina
653 _aDESAPARECIDOS
653 _aMAES
653 _aMEMORIA COLECTIVA
653 _aPROYECTO CULTURA SOLIDARIA
653 _aREPRESION
700 1 _aGieco, León
_epról.
700 1 _aUlanovsky, Carlos
710 2 _aArgentina. Secretaría de Cultura
905 _a23595
942 _cLIB
999 _c19516
_d19516